000
00508nam a2200169Ia 4500
008
090123s9999 xx 000 0 und d
082
_b
1979
100
_a
साखळकर च.म.
245
_a
चंद्रावर माणुस
250
_a
1
260
_b
सुलभ मु.
600
_a
साखळकर च.म.
630
_a
चंद्रावर माणुस
700
_a
साखळकर च.म.
730
_a
चंद्रावर माणुस
942
_c
BOOK
999
_c
40061
_d
40061